Score 0/15 Timer 02:00
7 Plays Today
Letter Country/Capital % Correct
OOman, Oslo
93.6%
LLaos, Lima, Lomé
90.1%
PPeru
83.2%
CChad, Cuba
83%
MMalé, Mali
79.8%
FFiji
77%
RRiga, Rome
76.7%
IIran, Iraq
74%
Letter Country/Capital % Correct
TTogo
69.9%
BBaku, Bern
61.9%
DDili, Doha
51.8%
KKyiv
45.6%
JJuba
40.9%
SSuva
40.6%
AApia
34.6%

You're not logged in!

Compare scores with friends on all Sporcle quizzes.
OR
Log In

Sporcle TV

Today on Sporcle TV


Watch our educational content, quiz creation guides, and fun videos on Sporcle TV.

Show Comments

Extras

Top Quizzes Today


Score Distribution

Your Account Isn't Verified!

In order to create a playlist on Sporcle, you need to verify the email address you used during registration. Go to your Sporcle Settings to finish the process.

Report this User

Report this user for behavior that violates our Community Guidelines.

Details: